Грамматика английского языка: учебное пособие

Библиографические подробности
Главный автор: Шевелёва С. А. Светлана Александровна
Примечания:Пособие состоит из четырех частей: морфология (правила и примеры), синтаксис (правила и примеры), упражнения (более 300), ключи к отдельным упражнениям. Грамматические правила поясняются таблицами и иллюстративными материалами. Для студентов неязыковых вузов и колледжей, учащихся школ, лицеев и гимназий, для всех изучающих английский язык самостоятельно.
Язык:русский
английский
Опубликовано: Москва, ЮНИТИ-ДАНА, 2013
Предметы:
Формат: Книга
Запись в KOHA:https://koha.lib.tpu.ru/cgi-bin/koha/opac-detail.pl?biblionumber=244628

MARC

LEADER 00000nam0a2200000 4500
001 244628
005 20231101232050.0
010 |a 9785238017556 
035 |a (RuTPU)RU\TPU\book\266016 
035 |a RU\TPU\book\204626 
090 |a 244628 
100 |a 20101208d2013 m y0rusy50 ca 
101 0 |a rus  |a eng 
102 |a RU 
105 |a y j 000zy 
200 1 |a Грамматика английского языка  |d English Grammar  |e учебное пособие  |f С. А. Шевелёва 
210 |a Москва  |c ЮНИТИ-ДАНА  |d 2013 
215 |a 423 с. 
330 |a Пособие состоит из четырех частей: морфология (правила и примеры), синтаксис (правила и примеры), упражнения (более 300), ключи к отдельным упражнениям. Грамматические правила поясняются таблицами и иллюстративными материалами. Для студентов неязыковых вузов и колледжей, учащихся школ, лицеев и гимназий, для всех изучающих английский язык самостоятельно. 
510 1 |a English Grammar  |z eng 
606 1 |a Английский язык  |x Учебные руководства и пособия для высшей школы  |x Пособия по грамматике  |2 stltpush  |3 (RuTPU)RU\TPU\subj\29073  |9 52485 
610 1 |a морфология 
610 1 |a синтаксис 
610 1 |a устная речь 
610 1 |a письменная речь 
610 1 |a упражнения 
610 1 |a части речи 
610 1 |a сложные предложения 
610 1 |a прямая речь 
610 1 |a знаки препинания 
610 1 |a синтаксис 
686 |a Ш143.21-923.2  |v LBC/SL-A  |2 rubbk 
700 1 |a Шевелёва  |b С. А.  |g Светлана Александровна 
801 1 |a RU  |b 63413507  |c 20131024 
801 2 |a RU  |b 63413507  |c 20170913  |g RCR 
942 |c BK 
959 |a 136/20131018  |d 12  |e 450,00  |f ЧЗИЛ:1  |f АНЛ:1  |f УФ:10